000 00339 a2200157 4500
001 59464
020 _a8526232169
040 _cAnchieta - Pituba
100 _aJackson, Maud
240 1 0 _aRobinson Crusoe
_lIng
245 1 0 _aRobinson Crusoe
300 _a129
362 0 _a1997
650 4 _aLiteratura juvenil em inglês
942 _cBK
999 _c59464
_d59464